| 000 | 00692nam a2200241Ia 4500 | ||
|---|---|---|---|
| 003 | OSt | ||
| 005 | 20220918222711.0 | ||
| 006 | a|||||r|||| 00| 0 | ||
| 007 | ta | ||
| 008 | 220917b |||||||| |||| 00| 0 eng d | ||
| 024 | _a217,894 | ||
| 037 | _cTextual | ||
| 040 |
_aARTS _cARTS _beng |
||
| 041 |
_2eng _aeng |
||
| 082 | _aO111:g(Y15)M, N3 | ||
| 100 |
_aBrown Laura _919000 |
||
| 245 | 0 |
_aEnds of empire _b Women and ideology in early eithteenth-century english literature |
|
| 260 |
_aLondon _bCornell uni. press _c1993 |
||
| 300 |
_a203p _ccm. |
||
| 650 | _aENGLISH LITERATURE | ||
| 942 |
_hO111:g(Y15)M, N3 _cTEXL _2CC |
||
| 999 |
_c276234 _d276234 |
||